Flags Difficulty: Expert - Statistics

General Stats
  • This quiz has been taken 127 times
  • The average score is 14 of 16
Answer Stats
Picture Answer % Correct
St. Lucia
97%
Fiji
92%
Federated States of Micronesia
89%
Haiti
89%
Burundi
88%
Eswatini
87%
Vanuatu
86%
Cape Verde
85%
St. Vincent and the Grenadines
85%
Antigua and Barbuda
84%
Grenada
84%
Nauru
83%
São Tomé and Príncipe
83%
Eritrea
82%
Tuvalu
81%
Solomon Islands
79%
No matching quizzes found
Score Distribution
Percent of People with Each Score
Percentile by Number Answered
Your Score History
You have not taken this quiz